Introduction

Titel: Introduction / Brian Davies
Verfasser:
In: Warfare in Eastern Europe, 1500-1800, (2012), Seite 1-17
alle Artikel anzeigen
Veröffentlicht: 2012
Format: Aufsatz
Sprache: Englisch
Schlagworte:
Kein Bild verfügbar
X
alg: 45123733
001A    $03025:31-07-19 
001B    $01999:31-07-19 $t22:37:15.000 
001D    $03025:31-07-19 
001U    $0utf8 
001X    $00 
002@    $0Aou 
002C    $aText $btxt $2rdacontent 
002D    $aohne Hilfsmittel zu benutzen $bn $2rdamedia 
002E    $aBand $bnc $2rdacarrier 
003@    $0451237331 
007A    $0451237331 $aHEB 
010@    $aeng 
010E    $erda 
011@    $a2012 
021A    $aIntroduction $hBrian Davies 
028A    $BVerfasser $#Davies, Brian L. $#Davies, Brian $#Davies, Brian J. $4aut $7131848089 $8Davies, Brian L.$Z1953- [Tp3] $9179459171 
031A    $h1-17 $j2012 
039B    $aEnthalten in $8--Aay--. Warfare in Eastern Europe, 1500-1800. - Leiden {[u.a.] : Brill, 2012. - VI, 364 S.. - Kt.. - ISBN 978-90-04-22196-3 $x201200000000000999 $9283595833 
044K    $REuropa $ROstblock $ROstmitteleuropa $#Europa, Ost $#Östliches Europa $#Central Europe Osteuropa $74075739-0 $8Osteuropa [Tg1] $9085214396 
044K    $RRüstung $#Militari $#Militär $#Militär $#Heerwesen $#Kriegswesen $#Streitkräfte $#Wehrwesen $#Militärwesen $#Armee Militär $74039305-7 $8Militär [Tsz] $9085107107 
045R    $aGeschichte 

lok: 45123733 78

exp: 45123733 78 1 #EPN
201B/01 $031-07-19 $t11:46:55.000 
201C/01 $031-07-19 
201U/01 $0utf8 
203@/01 $01056489006 
208@/01 $a31-07-19 $be 
209A/01 $a/ $f000 $x00 
209A/01 $ab*p $x01 
220C/01 $apgar 
244Z/01 $#Ostmitteleuropa $#Ostmitteleuropa $#Mitteleuropa, Ost $#Central Europe Ostmitteleuropa $#Mittelosteuropa $74075753-5 $8--Tg1--Ostmitteleuropa $x01 $9085214485 
247C/01 $82080>Marburg/Lahn, Herder-Institut, Forschungsbibliothek, Bibliographieportal $9336309341
LEADER 00000caa a2200000 c 4500
001 451237331
003 DE-603
005 20190731223715.0
007 tu
008 190731s2012 xx |||| | u00||u|eng c
035 |a (DE-599)HEB451237331 
040 |a DE-603  |b ger  |c DE-603  |d DE-603  |e rda 
041 |a eng 
100 1 |a Davies, Brian L.  |d 1953-  |e Verfasser  |4 aut  |0 (DE-603)179459171  |0 (DE-588)131848089  |2 gnd 
245 0 0 |a Introduction  |c Brian Davies 
264 0 |c 2012 
336 |a Text  |b txt  |2 rdacontent 
337 |a ohne Hilfsmittel zu benutzen  |b n  |2 rdamedia 
338 |a Band  |b nc  |2 rdacarrier 
648 7 |a Geschichte  |2 gnd 
650 7 |a Militär  |0 (DE-588)4039305-7  |0 (DE-603)085107107  |2 gnd 
651 7 |a Osteuropa  |0 (DE-588)4075739-0  |0 (DE-603)085214396  |2 gnd 
773 0 8 |i Enthalten in  |t Warfare in Eastern Europe, 1500-1800  |d Leiden ˜[u.a.] œ: Brill, 2012  |h VI, 364 S., Kt.  |z 9789004221963  |z 9004221964  |g (2012), Seite 1-17  |w (DE-603)283595833 
924 0 |9 2080  |a (DE-603)1056489006  |b DE-2080  |c HES  |d d  |g /